|
|
|
|
| LEADER |
01442nam a2200361 4500 |
| 001 |
000023514 |
| 003 |
19966 |
| 005 |
20151218101202.0 |
| 008 |
151218s2012 engsd |
| 020 |
|
|
|a 9780073379241
|a 0073379247
|
| 041 |
0 |
|
|a eng
|
| 082 |
1 |
4 |
|a 745.4
|b ST-M
|
| 100 |
1 |
|
|a Stewart, Mary
|d 1952-
|q (Robert Stephen)
|
| 245 |
1 |
0 |
|a Launching the imagination
|b a comprehensive guide to basic design
|c Mary Stewart
|
| 250 |
|
|
|a 4th ed.
|
| 260 |
|
|
|a New York, NY
|b McGraw-Hill
|c 2012
|
| 300 |
|
|
|a xxiii, 400 p.
|b ill. (mostly col.)
|c 28 cm.
|
| 500 |
|
|
|a Also issued in parts titled: Launching the imagination : A comprehensive guide to two-dimensional design, and Launching the imagination : A comprehensive guide to three-dimensional design.
|
| 504 |
|
|
|a Includes bibliographical references and index.
|
| 650 |
|
0 |
|a Design
|
| 653 |
|
|
|a Thiết kế
|
| 653 |
|
|
|a Thiết kế cơ bản
|
| 700 |
1 |
|
|d 1963-
|d 1945-
|d 1955-
|q Erminio Peter
|q Pamela A.
|t Understanding evolution
|
| OWN |
|
|
|a LSP
|
| AVA |
|
|
|a UDN50
|b LSP
|d 745.4 ST-M
|e available
|t Error 5001 Not defined in file expand_doc_bib_avail.
|f 1
|g 0
|h N
|i 0
|k 1
|
| 999 |
|
|
|a From the UDN01
|
| AVA |
|
|
|a UDN50
|b LSP
|d 745.4 ST-M
|e available
|t Error 5001 Not defined in file expand_doc_bib_avail.
|f 1
|g 0
|h N
|i 0
|k 1
|
| TYP |
|
|
|a Monograph
|
| TYP |
|
|
|a Printed language
|
| 980 |
|
|
|a Mạng thư viện Đại học Đà Nẵng
|